LEADER 01073nam a2200265 u 4500 001 000000112794 003 CaOOAMICUS 005 20080721115426.0 008 080721s2008 it u000 u ita r 020 $z978-88-348-7354-0* 040 $aPUL$bita$dLDB 100 1 $aCastro, Sandro.$0(OLS)http://pul/name/69487 245 13$aIl danno all'immagine /$cSandro Castro. 260 $aTorino :$bGiappichelli,$c2008. 300 $axxi, 988 p. ;$c25 cm. 490 1 $aNuovi sentieri del risarcimento 650 4$aDanni (diritto).$0(OLS)http://pul/subject/18815 830 0$aNuovi sentieri del risarcimento.$0(OLS)http://pul/title/141770 850 $aPUL 852 $aPUL$W1$xSL Diritto e Scienze Sociali 3$y79$m342. 45 CASSA 2$j129036$qDDC 21$B128003$CPULBib$Z2$F128003 $H107778 $81 941 1 $a9 960 $aDanno (diritto)$918815 996 $6020$z978-88-348-7354-0*$9(OLS)http://pul/number/138533 996 $6245$aIl danno all'immagine$9(OLS)http://pul/title/141769 996 $6260$aTorino :$bGiappichelli$9(OLS)http://pul/publisher/48244 LEADER 01187nam a2200265 a 4500 001 000000134445 003 CaOOAMICUS 005 20130618163835.0 008 130618s2013 gw u000 u ger r 040 $aPUL$bita 100 1 $aDihle, Albrecht.$0(OLS)http://pul/name/5685 245 10$aAusgewählte kleine Schriften zu antike und christentum /$cAlbrecht Dihle; herausgegeben von Georg Schöllgen. 260 $aMünster Westfalen :$bAschendorff,$c2013. 300 $aVI, 430 p. ;$c28 cm 490 1 $aJahrbuch für Antike und Christentum.$aErgänzungsband ;$v38 504 $aBibliografia in nota. 650 4$aArcheologia.$0(OLS)http://pul/subject/9411 700 1 $aSchöllgen, Georg.$0(OLS)http://pul/name/65647 830 0$aJahrbuch für Antike und Christentum.$pErgänzungsband ;$v38.$0(OLS)http://pul/title/4088 850 $aPUL 852 $aPUL$W1$xSL Riviste Correnti$y14$m281. 05 Riv.3.38$j154602$aV.38$qPeriodici$B154144$CPULBib$Z2$F154144 $82 941 1 $a5 996 $6245$aAusgewählte kleine Schriften zu antike und christentum$9(OLS)http://pul/title/170021 996 $6260$aMünster Westfalen :$bAschendorff$9(OLS)http://pul/publisher/48269